00555nai a2200157Ia 4500003000900000008004100009022002200050022002300072040001600095245006100111260003400172310001200206362002600218521006900244856008400313IN-BaIIA211028c9999 xx s 000 0 eng d a0934-0866 (Print) a1521-4117 (Online) cIIA Library 0aParticle & Particle Systems Characterizationh[eJournal] aNew JerseybJohn Wiley & Sons aMonthly a13(1); 1996 - Present bSubscribed through National Knowledge Resource Consortium (NKRC) uhttps://onlinelibrary.wiley.com/journal/15214117yClick Here to Access eJournal